| 000 | 00965nam0a22002651 4500 | ||
|---|---|---|---|
| 001 | rc\3744766 | ||
| 005 | 20130115154619.4 | ||
| 021 |
_aRU _bРг7248-73 |
||
| 021 |
_aRU _b73-33472 |
||
| 035 | _a(NLR Aleph) 007786734 | ||
| 090 |
_a7626565 _c7626565 |
||
| 100 | _a20130115d1973 |||y0rusy50 ca | ||
| 101 | 0 | _arus | |
| 102 | _aRU | ||
| 105 | _ay z |||a| | ||
| 200 | 1 |
_aКот в чемодане _eПьеса в 2 д., 7 карт. для детей дошкольного и мл. школьного возраста _fОтд. распространения драм. произведений |
|
| 210 |
_aМосква _cБ. и. _d1973 |
||
| 215 |
_a32 л. _d29 |
||
| 700 | 1 |
_aСапгир _bГ. В. _f1928-1999 _gГенрих Вениаминович _3RU\NLR\auth\771381 |
|
| 701 | 1 |
_aЦиферов _bГ. М. _gГеннадий Михайлович |
|
| 801 | 0 |
_aRU _bNLR _gpsbo |
|
| 801 | 1 |
_aRU _bELAR _2rusmarc |
|
| 852 |
_aNLR _j73-8/580 |
||
| 942 | _cBOOK | ||
| 980 | _aNB | ||